| 000 | 01846nam0a2200385 4500 | ||
|---|---|---|---|
| 001 | RU\NLR\bibl\1846580 | ||
| 005 | 20260406083829.0 | ||
| 010 | _a978-5-397-02357-3 | ||
| 021 |
_aRU _b2011-93436 _96693 |
||
| 035 | _a(nilc)RSL-KNO-005105773 | ||
| 035 | _a(NLR Aleph) 001837009 | ||
| 090 |
_a2219316 _c2219316 |
||
| 100 | _a20111201d2011 |||y0rusy50 ca | ||
| 101 | 0 | _arus | |
| 102 | _aRU | ||
| 105 | _aa ||||||||| | ||
| 200 | 1 |
_aВклад ученых геологического факультета МГУ им. М.В. Ломоносова в изучение роли ротационного фактора в тектонике Земли _fА.И. Полетаев _gМГУ им. М.В. Ломоносова, Геолог. фак. |
|
| 210 |
_aМосква _cURSS _cЛИБРОКОМ _d2011 |
||
| 215 |
_a70 с. _cил. _d22 |
||
| 300 | _aНа 4-й с. обл. авт.: А.И. Полетаев - к.г.-м.н. | ||
| 300 | _a300-летию со дня рождения основоположника отечеств. геологии и основателя Моск. ун-та Михаила Васильевича Ломоносова (1711-1765) посвящается | ||
| 320 | _aБиблиогр.: с. 56-64 | ||
| 320 | _aДр. произведения авт. на 4-й с. обл. | ||
| 606 | 1 |
_aТектоника ротационная _92283721 _3RU\NLR\auth\661368107 |
|
| 686 |
_aД398.7,0 _2rubbk |
||
| 686 | _aД39,17 | ||
| 700 | 1 |
_4070 _7ca _8rus _aПолетаев _bА. И. _cканд. геол.-минерал. наук, поэт _f1944- _gАнатолий Иванович _92650505 _3RU\NLR\AUTH\770278538 |
|
| 801 | 0 |
_aRU _bRuMoRKP _c20111201 _grcr |
|
| 801 | 1 |
_aRU _bРГБ _c20111201 |
|
| 801 | 2 |
_aRU _bNLR _c20111212 _grcr |
|
| 942 | _cBOOK | ||
| 980 | _aNB | ||
| 980 | _aNBR | ||